| 000 | 00824nam a2200229 i 4500 | ||
|---|---|---|---|
| 001 | 166442 | ||
| 003 | ES-MaACL | ||
| 005 | 20230906213332.0 | ||
| 008 | 150305s1964 fr | |||||||| ||fre d | ||
| 100 | 1 |
_aTessier, Georges ( _d1891-1967) _9156490 |
|
| 245 | 1 | 3 |
_aLe baptême de Clovis _b: 25 décembre ... / _cGeorges Tessier. |
| 260 |
_a[Paris] : _bGallimard, _c[1964] |
||
| 300 |
_a425 p. : _bil ; _c21 cm. |
||
| 490 | 1 |
_aTrente journées qui ont fait la France ; _v1 |
|
| 504 | _aBibliografía: p. [379]-393. | ||
| 600 | 1 | 4 |
_aClodoveo _b1 _cRey de los Francos. _9156492 |
| 651 | 4 |
_aFrancia- _xHistoria- _y481-511, Clodoveo I. _9156491 |
|
| 651 |
_aFrancia- _xHistoria eclesiástica. _9153886 |
||
| 830 | 0 |
_aTrente journées qui ont fait la France ; _v1 _9182109 |
|
| 852 |
_aES-MaACL _jE-15452 |
||
| 999 |
_c166442 _d166442 |
||